Human relations in organizations : (Record no. 7424)
[ view plain ]
| 000 -LEADER | |
|---|---|
| fixed length control field | 00860nam a2200193 4500 |
| 020 ## - INTERNATIONAL STANDARD BOOK NUMBER | |
| ISBN | 0256162077 |
| 020 ## - INTERNATIONAL STANDARD BOOK NUMBER | |
| ISBN | 9780256162073 |
| 050 ## - CALL NUMBER | |
| Classification number | HD58.7 |
| Item number | .L86 |
| 100 ## - AUTHOR | |
| Personal name | Lussier, Robert N |
| 245 ## - TITLE | |
| Title | Human relations in organizations : |
| Remainder of title | a skill-building approach |
| Statement of responsibility, etc | Robert N Lussier |
| 250 ## - EDITION | |
| Edition statement | 3rd ed. |
| 260 ## - PUBLICATION INFORMATION | |
| Place of publication | Chicago : |
| Name of publisher | Irwin, |
| Year of publication | ©1996. |
| 300 ## - DESCRIPTION | |
| Number of Pages | xv, 560 pages : |
| Other physical details | illustrations ; |
| Dimensions | 28 cm. |
| 500 ## - NOTES | |
| General note | Includes index |
| 505 ## - FORMATTED CONTENTS NOTE | |
| Table of Content | P 1. Behaviour, human relations and performance begin with you<br/>P 2. Communication skills: the foundation of human relations<br/>P 3. Other skills influence behavior, human relations and performance<br/>P 4. Team behavior, human relations and performance<br/>P 5. Organizational challenges<br/>P 6. Personal development<br/> |
| 650 ## - SUBJECTS | |
| Topical Term | Organizational behavior. |
| 650 ## - SUBJECTS | |
| Topical Term | Interpersonal relations. |
| 942 ## - ADDED ENTRY ELEMENTS (KOHA) | |
| Koha item type | Books |
No items available.